Ve bét và côn trùng kí sinh ở Việt Nam; T.2 Mòng (Tabanidae) Phân Loại và Mô tả
Saved in:
| Main Author: | |
|---|---|
| Format: | Book |
| Language: | Undetermined |
| Published: |
Hà Nội
Khoa Học Kỹ Thuật
1983
|
| Subjects: | |
| Tags: |
Add Tag
No Tags, Be the first to tag this record!
|
| Institutions: | Trung tâm Học liệu Trường Đại học Cần Thơ |
|---|
| LEADER | 00666nam a2200181Ia 4500 | ||
|---|---|---|---|
| 001 | CTU_23414 | ||
| 008 | 210402s9999 xx 000 0 und d | ||
| 082 | |a 595.409595 | ||
| 082 | |b C513 | ||
| 100 | |a Phan Trọng Cung | ||
| 245 | 0 | |a Ve bét và côn trùng kí sinh ở Việt Nam; T.2 Mòng (Tabanidae) Phân Loại và Mô tả | |
| 245 | 0 | |c Phan Trọng Cung, Phan Địch Lân | |
| 260 | |a Hà Nội | ||
| 260 | |b Khoa Học Kỹ Thuật | ||
| 260 | |c 1983 | ||
| 650 | |a parasitology | ||
| 904 | |i Lan, 970612 Mai sửa từ 595.2/L121 thành 595.409597/C513 chưa in nhãn | ||
| 980 | |a Trung tâm Học liệu Trường Đại học Cần Thơ | ||